Енциклопедія - довідник зі світової літератури. (Запис № 16977)

000 -Маркер запису
Контрольне поле сталої довжини 01459nam a22002537a 4500
003 - Належність контрольного номера
Контрольне поле Uzh_bibl
008 - Кодовані дані
Контрольне поле сталої довжини 250408b |||||||| |||| 00| 0 ukr d
020 ## - Індекс ISBN
ISBN 978-617-656-152-1
Ціна 27.41
040 ## - Джерело каталогіз.
Код мови каталог. укр.
041 ## - Код мови видання
Код мови оригіналу українська
Код мови тексту українська
080 ## - Індекс УДК
Індекс УДК 82(100)
090 ## - Шифри
Поличний індекс 82(100)
Авторський знак У 31
100 ## - Автор
Автор Удовиченко, Лариса
245 ## - Назва
Назва Енциклопедія - довідник зі світової літератури.
Відповідальність За ред. Н.М. Кадоб'янської
Фізичний носій Текст
260 ## - Вихідні дані
Місце видання Київ
Видавництво Видавничий дім "Освіта"
Дата видання 2012
300 ## - Фізичний опис
Обсяг 144 с.
Тип одиниці В опр.
520 ## - Анотація
Анотація Пропонований довідник зі світової літератури містить відомості про письменників світу. В ньому можна прочитати про міф і казку, античну літературу, літературу Давнього світу і Середніх віків, епохи Відродження і Просвітництва, мистецтво Нового часу.
521 ## - Примітка про цільове призначення
Примітка про цільове призначення Для учнів, учителів, студентів, широкого кола читачів.
546 ## - Примітка про мову
Примітка про мову укр.
650 ## - Тематичні рубрики
Основна рубрика Довідкова видання
653 ## - Ключові слова
Ключові слова Як з'явилося словесне мистецтво.
-- Література різних епох.
655 ## - Термін індексування — жанр/форма
Жанр/форма Критика
Типове ділення Нариси
942 ## - ADDED ENTRY ELEMENTS (KOHA)
Джерело класифікації чи схема поличного розташування
Koha item type Книги
Фонди
Статус вилучення Статус втрати/відсутності Джерело класифікації чи схема поличного розташування Статус пошкодження Тип обігу (не для випозичання) Постійне розташування Поточне розташування Розташування у відділі Дата надходження Інвентарний номер Total Checkouts Повний (примірниковий) шифр зберігання Штрих-код Date last seen Дата, для якої чинна ціна заміни Тип одиниці (рівень примірника)
          Бібліотека-філія № 1 для дітей Бібліотека-філія № 1 для дітей Читальна зала старший відділ 10/03/2026 62166   82(100) 16595 10/03/2026 10/03/2026 Книги

Працює на АБІС Коха